00438nam a2200157Ia 450000500170000000800410001702000150005808200220007310000210009524500580011626000420017430000180021665000100023465000120024465000240025620250312021942.0240331s9999 xx 000 0 und d a8170741475 a301.09bCHA23702 aChattopadhyay, A 0aBhupendranath Datta:bAnd his study of Indian Society aCalcutta,bK P Bagchi & Companyc1994 aviii, 221 p., aIndia aSociety aHistorical Analysis